| 000 | 00379nam a2200133 a 4500 | ||
|---|---|---|---|
| 005 | 20140310183155.0 | ||
| 008 | 030425s19uu xx 00 eng d | ||
| 050 |
_aQA 76.73.B3 _b.M53 19-- |
||
| 245 |
_aMicrosoft Basic Compiler for the MS-DOS Operating System : _bUser's Guide./ |
||
| 300 |
_a145 p. : _bill. ; _c21 cm. |
||
| 521 | _aIT | ||
| 546 | _aC1097 | ||
| 942 |
_cBK _2lcc _kFOR |
||
| 999 |
_c19737 _d19737 |
||